[Event "Hasselbacken op"]
[Site "Stockholm"]
[Date "2016.05.04"]
[Round "5"]
[White "Steneskog, Per"]
[Black "Hedman, Erik"]
[Result "0-1"]
[WhiteElo "2166"]
[BlackElo "2354"]
[PlyCount "52"]
[EventDate "2016.04.30"]
[EventType "swiss"]
[EventRounds "9"]
[EventCountry "SWE"]
[SourceTitle "CBM 172 Extra"]
[Source "ChessBase"]
[SourceDate "2016.06.21"]
[SourceVersion "1"]
[SourceVersionDate "2016.06.21"]
[SourceQuality "1"]

1. d4 c5 2. d5 Nf6 3. c4 e6 4. Nc3 exd5 5. cxd5 d6 6. e4 g6 7. f4 Bg7 8. Nf3 0-0 9. Be2 Nbd7 10. e5 dxe5 11. fxe5 Ng4 12. Bg5 Qb6 13. Qd2 Ndxe5 14. Be7 Bh6 15. Ng5 f6 16. h4 fxg5 17. hxg5 Bg7 18. d6 Be6 19. Rh4 c4 20. 0-0-0 Rf7 21. Rdh1 Nf2 22. Rxh7 Nxh1 23. Rxh1 Rf2 24. Ne4 Nd3+ 25. Kb1 Bxb2 26. Kc2 Bd7 0-1

[Event "SWE-chT 1516 Superettan"]
[Site "Sweden"]
[Date "2015.11.08"]
[Round "3"]
[White "Steneskog, Per"]
[Black "Eriksson, Jorgen"]
[Result "0-1"]
[WhiteElo "2198"]
[BlackElo "2196"]
[PlyCount "80"]
[EventDate "2015.11.06"]
[EventType "team-tourn"]
[EventRounds "9"]
[EventCountry "SWE"]
[SourceTitle "EXT 2018"]
[Source "ChessBase"]
[SourceDate "2017.10.13"]
[SourceVersion "1"]
[SourceVersionDate "2017.10.13"]
[SourceQuality "1"]
[WhiteTeam "Solna"]
[BlackTeam "Umea Rockaden"]
[WhiteTeamCountry "SWE"]
[BlackTeamCountry "SWE"]

1. d4 d5 2. c4 e6 3. Nc3 c6 4. Qc2 dxc4 5. Nf3 b5 6. e4 Bb7 7. Be2 Nf6 8. 0-0 Nbd7 9. Rd1 Be7 10. Bg5 h6 11. Bh4 0-0 12. Ne5 Nxe5 13. Bxf6 gxf6 14. dxe5 Qc7 15. Qd2 Kh7 16. exf6 Bxf6 17. Qe3 Rfd8 18. Rxd8 Rxd8 19. Rd1 Rxd1+ 20. Bxd1 Be5 21. g3 Qd7 22. Bh5 a6 23. Qc5 Bd6 24. Qb6 Qe7 25. Qe3 Be5 26. a3 c5 27. h4 Qf6 28. Nd1 Bd4 29. Qe2 Qe5 30. Ne3 Qxe4 31. Qc2 Qxc2 32. Nxc2 Bxb2 33. f3 Kg7 34. Kf2 a5 35. Ke3 Bc1+ 36. Ke2 b4 37. Kd1 Bb2 38. Ne3 Ba6 39. a4 Bd4 40. Ng2 Bb7 0-1

[Event "SWE-chT 1415 Elite"]
[Site "Sweden"]
[Date "2015.03.21"]
[Round "8.2"]
[White "Lindgren, Philip"]
[Black "Steneskog, Per"]
[Result "1-0"]
[WhiteElo "2332"]
[BlackElo "2213"]
[PlyCount "95"]
[EventDate "2014.11.21"]
[EventType "team-tourn"]
[EventRounds "9"]
[EventCountry "SWE"]
[SourceTitle "EXT 2016"]
[Source "ChessBase"]
[SourceDate "2015.10.08"]
[SourceVersion "1"]
[SourceVersionDate "2015.10.08"]
[SourceQuality "1"]
[WhiteTeam "Limhamn"]
[BlackTeam "Solna"]
[WhiteTeamCountry "SWE"]
[BlackTeamCountry "SWE"]

1. Nf3 d5 2. c4 e6 3. b3 c5 4. Bb2 Nc6 5. e3 d4 6. exd4 cxd4 7. g3 Nf6 8. Bg2 Be7 9. 0-0 e5 10. Re1 e4 11. Ng5 Bg4 12. f3 exf3 13. Nxf3 0-0 14. d3 Nd7 15. Nbd2 Bg5 16. h3 Be3+ 17. Kh2 Nde5 18. Nf1 Bf2 19. hxg4 Nxg4+ 20. Kh1 Bxg3 21. Re2 Nf2+ 22. Rxf2 Bxf2 23. Qd2 Bh4 24. Qf4 Bf6 25. Ng3 Re8 26. Ne4 Be5 27. Qg4 Re6 28. Rf1 Rh6+ 29. Kg1 Rg6 30. Qf5 f6 31. Qe6+ Kh8 32. Bc1 Qc8 33. Qxc8+ Rxc8 34. Kf2 Nb4 35. Rd1 Re8 36. a3 Na2 37. Bd2 f5 38. Nxe5 Rxe5 39. Ng5 Kg8 40. Bd5+ Kf8 41. Nf3 Rxd5 42. cxd5 Nc3 43. Bxc3 dxc3 44. Ke3 Ke7 45. Kd4 Rg3 46. Re1+ Kd6 47. Re6+ Kc7 48. Ne5 1-0

[Event "SWE-chT 1415 Elite"]
[Site "Sweden"]
[Date "2014.11.23"]
[Round "3"]
[White "Steneskog, Per"]
[Black "Smith, Axel"]
[Result "0-1"]
[WhiteElo "2213"]
[BlackElo "2479"]
[PlyCount "80"]
[EventDate "2014.11.21"]
[EventType "team-tourn"]
[EventRounds "9"]
[EventCountry "SWE"]
[SourceTitle "EXT 2016"]
[Source "ChessBase"]
[SourceDate "2015.10.08"]
[SourceVersion "1"]
[SourceVersionDate "2015.10.08"]
[SourceQuality "1"]
[WhiteTeam "Solna"]
[BlackTeam "Lunds"]
[WhiteTeamCountry "SWE"]
[BlackTeamCountry "SWE"]

1. d4 Nf6 2. c4 g6 3. Nc3 d5 4. Nf3 Bg7 5. e3 0-0 6. Be2 c5 7. 0-0 cxd4 8. exd4 Nc6 9. Re1 Bf5 10. Bg5 dxc4 11. Bxc4 Rc8 12. Bb3 h6 13. Be3 Na5 14. Ne5 Nxb3 15. Qxb3 Qc7 16. Bf4 Qb6 17. Qxb6 axb6 18. f3 g5 19. Be3 Be6 20. Bf2 Rfe8 21. Ng6 Kh7 22. Nxe7 Rxe7 23. d5 Rxc3 24. bxc3 Nxd5 25. Bd4 Nxc3 26. Bxg7 Kxg7 27. Re3 Rc7 28. a3 Nd5 29. Re2 Rc3 30. Rb2 Ne3 31. a4 Nd5 32. Kf2 Bd7 33. Kg3 g4 34. a5 gxf3 35. gxf3 bxa5 36. Rxb7 Bc6 37. Ra7 a4 38. Ra6 Nc7 39. Rxc6 Rxc6 40. Rxa4 Ne6 0-1

[Event "SWE-chT 1415 Elite"]
[Site "Sweden"]
[Date "2014.11.21"]
[Round "1"]
[White "Henriksson, Johan"]
[Black "Steneskog, Per"]
[Result "1-0"]
[WhiteElo "2267"]
[BlackElo "2213"]
[PlyCount "143"]
[EventDate "2014.11.21"]
[EventType "team-tourn"]
[EventRounds "9"]
[EventCountry "SWE"]
[SourceTitle "EXT 2016"]
[Source "ChessBase"]
[SourceDate "2015.10.08"]
[SourceVersion "1"]
[SourceVersionDate "2015.10.08"]
[SourceQuality "1"]
[WhiteTeam "Kungstornet"]
[BlackTeam "Solna"]
[WhiteTeamCountry "SWE"]
[BlackTeamCountry "SWE"]

1. d4 d5 2. Nf3 Nf6 3. c4 e6 4. g3 c5 5. Bg2 Nc6 6. 0-0 Be7 7. Nc3 0-0 8. cxd5 exd5 9. Bg5 cxd4 10. Nxd4 h6 11. Bf4 Bg4 12. h3 Be6 13. Nxe6 fxe6 14. e4 d4 15. e5 dxc3 16. exf6 Bxf6 17. bxc3 Qxd1 18. Rfxd1 Rad8 19. Rab1 Rxd1+ 20. Rxd1 Bxc3 21. Bxc6 bxc6 22. Be3 Bf6 23. Bxa7 Ra8 24. Rd7 c5 25. Kf1 Bd4 26. Ke2 Rf8 27. f3 Rf5 28. Bb8 Rf8 29. Bc7 Kh7 30. Rd8 Rf7 31. Bb6 e5 32. a4 Rb7 33. a5 c4 34. Bxd4 exd4 35. Rxd4 Rb2+ 36. Ke3 Rb3+ 37. Ke4 Ra3 38. Rd5 Kg8 39. Kd4 c3 40. Kd3 Kf7 41. Rc5 Kg8 42. h4 g6 43. Rc6 Kg7 44. a6 h5 45. Rc7+ Kf6 46. a7 g5 47. Rc6+ Kg7 48. hxg5 Rxa7 49. Rxc3 Kg6 50. Rc5 Ra3+ 51. Ke2 Ra2+ 52. Kf1 Rb2 53. Re5 Ra2 54. f4 Rb2 55. Re2 Rb1+ 56. Kg2 Kf5 57. Kh3 Rh1+ 58. Rh2 Rg1 59. Kh4 Kg6 60. f5+ Kxf5 61. Kxh5 Rxg3 62. Rf2+ Ke6 63. g6 Rh3+ 64. Kg5 Ke7 65. g7 Rh1 66. Kg6 Rg1+ 67. Kh7 Rh1+ 68. Kg8 Rh4 69. Re2+ Kd7 70. Kf7 Rf4+ 71. Kg6 Rg4+ 72. Kf6 1-0

[Event "SWE-chT2 1314"]
[Site "Sweden"]
[Date "2013.11.22"]
[Round "1"]
[White "Laith, Kasib"]
[Black "Steneskog, Per"]
[Result "0-1"]
[WhiteElo "2071"]
[BlackElo "2217"]
[PlyCount "42"]
[EventDate "2013.11.22"]
[EventType "team-tourn"]
[EventRounds "9"]
[EventCountry "SWE"]
[SourceTitle "EXT 2015"]
[Source "ChessBase"]
[SourceDate "2014.11.20"]
[SourceVersion "1"]
[SourceVersionDate "2014.11.20"]
[SourceQuality "1"]
[WhiteTeam "Manhem II"]
[BlackTeam "Solna"]
[WhiteTeamCountry "SWE"]
[BlackTeamCountry "SWE"]

1. e4 e6 2. Nf3 d5 3. e5 c5 4. b4 cxb4 5. d4 Nc6 6. Bd3 Bd7 7. 0-0 Qb6 8. Be2 Nge7 9. Qd2 Rc8 10. a3 a5 11. axb4 axb4 12. c3 Nf5 13. Rd1 bxc3 14. Nxc3 Ncxd4 15. Na4 Nxe2+ 16. Qxe2 Qb3 17. Nd2 Qb5 18. Qxb5 Bxb5 19. Nb6 Rb8 20. Nb3 Bb4 21. h3 Be2 0-1

[Event "SWE-chT 1112"]
[Site "Sweden"]
[Date "2012.02.04"]
[Round "5"]
[White "Steneskog, Per"]
[Black "Zadruzny, Nicolaj"]
[Result "1-0"]
[WhiteElo "2184"]
[BlackElo "2276"]
[PlyCount "69"]
[EventDate "2011.10.07"]
[EventType "team-tourn"]
[EventRounds "9"]
[EventCountry "SWE"]
[SourceTitle "EXT 2013"]
[Source "ChessBase"]
[SourceDate "2012.11.22"]
[SourceVersion "1"]
[SourceVersionDate "2012.11.22"]
[SourceQuality "1"]
[WhiteTeam "Solna"]
[BlackTeam "Umea Rockaden"]
[WhiteTeamCountry "SWE"]
[BlackTeamCountry "SWE"]

1. d4 e6 2. c4 f5 3. g3 Nf6 4. Bg2 Bb4+ 5. Bd2 Qe7 6. Nh3 0-0 7. 0-0 Bxd2 8. Qxd2 d6 9. Nc3 e5 10. Nd5 Nxd5 11. cxd5 f4 12. Rac1 g5 13. dxe5 dxe5 14. gxf4 gxf4 15. Kh1 Kh8 16. Rg1 Na6 17. Qc3 Bg4 18. Be4 Bf5 19. Ng5 Bxe4+ 20. Nxe4 Rad8 21. Qb3 b6 22. Qc4 Qb4 23. Qxb4 Nxb4 24. Rxc7 Nxd5 25. Rxa7 Nf6 26. Rgg7 Rg8 27. Rxg8+ Nxg8 28. Ng5 Rd1+ 29. Kg2 Nf6 30. Nf7+ Kg8 31. Nh6+ Kh8 32. Nf7+ Kg8 33. Nxe5 Rd2 34. Kf3 Rxb2 35. Nd3 1-0

[Event "SWE-chT 1011"]
[Site "Sweden"]
[Date "2011.02.05"]
[Round "7"]
[White "Engqvist, Thomas"]
[Black "Steneskog, Per"]
[Result "1/2-1/2"]
[WhiteElo "2368"]
[BlackElo "2183"]
[PlyCount "97"]
[EventDate "2010.10.08"]
[EventType "team-tourn"]
[EventRounds "11"]
[EventCountry "SWE"]
[SourceTitle "EXT 2012"]
[Source "ChessBase"]
[SourceDate "2011.11.24"]
[SourceVersion "1"]
[SourceVersionDate "2011.11.24"]
[SourceQuality "1"]
[WhiteTeam "Stockholm Rockaden"]
[BlackTeam "Solna"]
[WhiteTeamCountry "SWE"]
[BlackTeamCountry "SWE"]

1. d4 d5 2. c4 e6 3. Nc3 Nf6 4. Bg5 Nbd7 5. e3 c6 6. a3 dxc4 7. Bxc4 Qa5 8. Bh4 Nb6 9. Bd3 Nbd5 10. Nge2 Nxc3 11. bxc3 Nd5 12. Qc2 Bd6 13. 0-0 Nb6 14. e4 Bxh2+ 15. Kxh2 Qh5 16. g3 g5 17. Kg2 gxh4 18. Rh1 Rg8 19. Kf1 h3 20. e5 Nd5 21. Qd2 b5 22. Rh2 a6 23. Ng1 Qg5 24. Qxg5 Rxg5 25. Ne2 Rh5 26. f3 c5 27. g4 Rh6 28. Kf2 Bd7 29. Rah1 cxd4 30. cxd4 a5 31. Rxh3 Rxh3 32. Rxh3 b4 33. Rxh7 Rc8 34. Rh8+ Ke7 35. Rxc8 Bxc8 36. axb4 Nxb4 37. Bb5 Bb7 38. g5 Bd5 39. f4 Bb3 40. Nc3 Nc2 41. Ke2 Nxd4+ 42. Kd3 Nxb5 43. Nxb5 Kf8 44. Nd6 Kg7 45. Kc3 Bd1 46. f5 exf5 47. Nxf5+ Kg6 48. Nd6 a4 49. Kb4 1/2-1/2

[Event "SWE-chT 1011"]
[Site "Sweden"]
[Date "2011.01.15"]
[Round "6"]
[White "Johansson, Carl Fredrik"]
[Black "Steneskog, Per"]
[Result "1-0"]
[WhiteElo "2221"]
[BlackElo "2183"]
[PlyCount "79"]
[EventDate "2010.10.08"]
[EventType "team-tourn"]
[EventRounds "11"]
[EventCountry "SWE"]
[SourceTitle "EXT 2012"]
[Source "ChessBase"]
[SourceDate "2011.11.24"]
[SourceVersion "1"]
[SourceVersionDate "2011.11.24"]
[SourceQuality "1"]
[WhiteTeam "Upsala"]
[BlackTeam "Solna"]
[WhiteTeamCountry "SWE"]
[BlackTeamCountry "SWE"]

1. d4 d5 2. c4 e6 3. Nf3 c5 4. e3 Nf6 5. cxd5 exd5 6. Bb5+ Nc6 7. 0-0 Bd6 8. dxc5 Bxc5 9. Qc2 Qd6 10. Nbd2 0-0 11. Bxc6 bxc6 12. b3 Re8 13. Bb2 Bb6 14. Rac1 Bd7 15. Rfd1 Qe7 16. Nd4 Rac8 17. Nf5 Qe6 18. Ng3 Bxe3 19. Re1 Bxf2+ 20. Kxf2 Ng4+ 21. Kg1 Qxe1+ 22. Rxe1 Rxe1+ 23. Ndf1 Rce8 24. h3 Nh6 25. Kh2 f6 26. Nd2 R1e3 27. Nf3 a6 28. b4 Nf7 29. Bd4 R3e6 30. Qd3 Bc8 31. Qc3 Ne5 32. Nd2 Kf7 33. Nf5 Ng6 34. Qg3 Kg8 35. Qc7 Ne7 36. Nd6 Rf8 37. Nb3 Rxd6 38. Qxd6 Nf5 39. Qxc6 Rd8 40. Bb6 1-0

[Event "SWE-chT 1011"]
[Site "Sweden"]
[Date "2010.10.08"]
[Round "1.7"]
[White "Steneskog, Per"]
[Black "Olsson, Linus"]
[Result "0-1"]
[WhiteElo "2183"]
[BlackElo "2271"]
[PlyCount "74"]
[EventDate "2010.10.08"]
[EventType "team-tourn"]
[EventRounds "11"]
[EventCountry "SWE"]
[SourceTitle "CBM 138 Extra"]
[Source "ChessBase"]
[SourceDate "2010.10.29"]
[SourceVersion "1"]
[SourceVersionDate "2010.10.29"]
[SourceQuality "1"]
[WhiteTeam "Solna"]
[BlackTeam "Lunds"]
[WhiteTeamCountry "SWE"]
[BlackTeamCountry "SWE"]

1. d4 Nf6 2. c4 e6 3. Nc3 c5 4. d5 exd5 5. cxd5 d6 6. e4 g6 7. f4 Bg7 8. Nf3 0-0 9. Be2 Bg4 10. 0-0 Bxf3 11. Bxf3 Nbd7 12. Re1 Ne8 13. Be3 a6 14. a4 Rb8 15. a5 Nc7 16. Qc2 b5 17. axb6 Rxb6 18. e5 dxe5 19. Na4 Rb5 20. d6 Ne6 21. Bc6 exf4 22. Bxb5 axb5 23. Nxc5 fxe3 24. Nxe6 fxe6 25. Qe4 Ne5 26. Rad1 h5 27. Qxe3 Kh7 28. b3 Ng4 29. Qa7 Qh4 30. h3 Nf2 31. Rf1 Nxh3+ 32. gxh3 Qg3+ 33. Kh1 Qxh3+ 34. Kg1 Qg3+ 35. Kh1 Rf3 36. Rc1 Qh3+ 37. Kg1 Qg4+ 0-1

[Event "SWE-chT 0809"]
[Site "Sweden"]
[Date "2008.12.06"]
[Round "4"]
[White "Jepson, Christian"]
[Black "Steneskog, Per"]
[Result "1-0"]
[WhiteElo "2438"]
[BlackElo "2194"]
[PlyCount "79"]
[EventDate "2008.10.25"]
[EventType "team-tourn"]
[EventRounds "11"]
[EventCountry "SWE"]
[SourceTitle "EXT 2011"]
[Source "ChessBase"]
[SourceDate "2010.11.26"]
[SourceVersion "1"]
[SourceVersionDate "2010.11.26"]
[SourceQuality "1"]

1. c4 e6 2. Nf3 d5 3. d4 c5 4. cxd5 exd5 5. Nc3 Nc6 6. Bg5 Be7 7. Bxe7 Ngxe7 8. e3 c4 9. e4 dxe4 10. Ng5 Qxd4 11. Qxd4 Nxd4 12. 0-0-0 Nec6 13. Bxc4 0-0 14. Ngxe4 Be6 15. Bxe6 Nxe6 16. Rd7 b6 17. Rhd1 Rfd8 18. Nb5 a6 19. Rxd8+ Rxd8 20. Rxd8+ Ncxd8 21. Nbd6 Nc6 22. Kd2 Kf8 23. a4 Ncd4 24. Kd3 Nb3 25. Kc3 Nbc5 26. Nxc5 Nxc5 27. b3 Nd7 28. Kd4 Ke7 29. Kd5 Nc5 30. a5 Nxb3 31. axb6 Kd7 32. Nxf7 Na5 33. Ng5 Nc6 34. Nxh7 Nb4+ 35. Kc4 Nc2 36. Kc5 Ne1 37. Nf8+ Kd8 38. Kc6 Nd3 39. b7 Nb4+ 40. Kd6 1-0

[Event "SWE-chT 0809"]
[Site "Sweden"]
[Date "2008.12.05"]
[Round "3"]
[White "Dragicevic, Drazen"]
[Black "Steneskog, Per"]
[Result "1-0"]
[WhiteElo "2390"]
[BlackElo "2194"]
[PlyCount "123"]
[EventDate "2008.10.25"]
[EventType "team-tourn"]
[EventRounds "11"]
[EventCountry "SWE"]
[SourceTitle "EXT 2011"]
[Source "ChessBase"]
[SourceDate "2010.11.26"]
[SourceVersion "1"]
[SourceVersionDate "2010.11.26"]
[SourceQuality "1"]

1. c4 e6 2. Nf3 d5 3. g3 c5 4. cxd5 exd5 5. d4 Nc6 6. Bg2 Nf6 7. 0-0 Be7 8. Nc3 0-0 9. dxc5 Bxc5 10. a3 Bg4 11. b4 Bxf3 12. Bxf3 Bd4 13. Bb2 Ne4 14. Qc2 Nxc3 15. Bxc3 Qf6 16. Rac1 Bxc3 17. Qxc3 d4 18. Qc5 d3 19. Bxc6 dxe2 20. Rfe1 bxc6 21. Qxc6 Qf5 22. Qc5 Qd3 23. Qe3 Rad8 24. Rxe2 Qa6 25. Rc3 g6 26. Re1 Rd6 27. Qc5 Rfd8 28. Rce3 Rd1 29. b5 Qb7 30. a4 Qd7 31. Qe7 Qxe7 32. Rxe7 Rxe1+ 33. Rxe1 Rd4 34. Ra1 Rb4 35. Kf1 Rb2 36. Ra3 Kf8 37. Kg2 h5 38. h4 Rb4 39. Kf3 Ke7 40. Re3+ Kd6 41. Re4 Kc5 42. Re5+ Kd6 43. Re4 Kc5 44. Re7 Rxa4 45. Rxf7 Kxb5 46. Rg7 Ra6 47. Kf4 Ra4+ 48. Ke5 Ra6 49. f3 Kc4 50. g4 hxg4 51. fxg4 Kd3 52. Kf4 Ke2 53. Kg5 Kf3 54. Rxg6 Ra4 55. Kh5 a5 56. Rc6 Re4 57. g5 Kf4 58. g6 Re8 59. g7 Kf5 60. Kh6 Re4 61. h5 Rg4 62. Rg6 1-0

[Event "SWE-chT 0708"]
[Site "Sweden"]
[Date "2007.10.20"]
[Round "2"]
[White "Johansson, Thomas"]
[Black "Steneskog, Per"]
[Result "1-0"]
[WhiteElo "2224"]
[BlackElo "2245"]
[PlyCount "79"]
[EventDate "2007.10.19"]
[EventType "team"]
[EventRounds "11"]
[EventCountry "SWE"]
[SourceTitle "EXT 2009"]
[Source "ChessBase"]
[SourceDate "2008.11.26"]
[SourceVersion "1"]
[SourceVersionDate "2008.11.26"]
[SourceQuality "1"]
[WhiteTeam "Limhamn"]
[BlackTeam "Solna"]
[WhiteTeamCountry "SWE"]
[BlackTeamCountry "SWE"]

1. e4 c6 2. Nf3 d5 3. exd5 cxd5 4. Ne5 Nf6 5. d4 g6 6. Bd3 Bg7 7. 0-0 0-0 8. Nd2 Nfd7 9. f4 Qb6 10. Nef3 Bxd4+ 11. Nxd4 Qxd4+ 12. Kh1 Nc6 13. f5 Qg7 14. c4 Nde5 15. Be2 Bxf5 16. cxd5 Nd4 17. Rf4 Nxe2 18. Qxe2 Rac8 19. Nb3 Nd3 20. Ra4 Nxc1 21. Rxc1 Rxc1+ 22. Nxc1 Rc8 23. Rc4 Rxc4 24. Qxc4 Qxb2 25. h3 b5 26. Qf4 Kg7 27. Nb3 Qb1+ 28. Kh2 Qe4 29. Qc7 a6 30. Nc5 Qxd5 31. Qxe7 Be6 32. Nxa6 Qe5+ 33. Kh1 Qa1+ 34. Kh2 Qe5+ 35. Kh1 Qa1+ 36. Kh2 Qxa2 37. Nc7 Qc4 38. Ne8+ Kh6 39. Qf6 Qe4 40. h4 1-0

[Event "Rilton Cup 36th"]
[Site "Stockholm"]
[Date "2007.01.05"]
[Round "9"]
[White "Steneskog, Per"]
[Black "Couso, Luis"]
[Result "1/2-1/2"]
[WhiteElo "2209"]
[BlackElo "2294"]
[PlyCount "63"]
[EventDate "2006.12.27"]
[EventType "swiss"]
[EventRounds "9"]
[EventCountry "SWE"]
[SourceTitle "CBM 116 Extra"]
[Source "ChessBase"]
[SourceDate "2007.03.07"]
[SourceVersion "1"]
[SourceVersionDate "2007.03.07"]
[SourceQuality "1"]

1. d4 Nf6 2. c4 e6 3. Nf3 Bb4+ 4. Bd2 Qe7 5. a3 Bxd2+ 6. Nbxd2 d6 7. e4 e5 8. d5 c5 9. g3 0-0 10. Bg2 a5 11. 0-0 g6 12. Ne1 Nh5 13. Nd3 f5 14. f3 Nf6 15. Qe2 Qg7 16. b4 axb4 17. axb4 Rxa1 18. Rxa1 fxe4 19. fxe4 cxb4 20. c5 Nxd5 21. cxd6 Nc3 22. Qe3 Nc6 23. Nxb4 Nd4 24. Bf1 Ncb5 25. Bxb5 Nxb5 26. Qc5 Nd4 27. Ra8 Qf6 28. Rxc8 Qf2+ 29. Kh1 Qe1+ 30. Kg2 Qxd2+ 31. Kh3 Qh6+ 32. Kg2 1/2-1/2

[Event "SWE-chT 0304"]
[Site "Sweden"]
[Date "2004.??.??"]
[Round "9"]
[White "Steneskog, Per"]
[Black "Renman, Nils Gustaf"]
[Result "0-1"]
[WhiteElo "2227"]
[BlackElo "2409"]
[PlyCount "68"]
[EventDate "2003.10.??"]
[EventType "team"]
[EventRounds "11"]
[EventCountry "SWE"]
[SourceTitle "EXT 2005"]
[Source "ChessBase"]
[SourceDate "2004.11.15"]
[SourceVersion "1"]
[SourceVersionDate "2004.11.15"]
[SourceQuality "1"]
[WhiteTeam "Solna"]
[BlackTeam "Norrkoping Schack 08"]
[WhiteTeamCountry "SWE"]
[BlackTeamCountry "SWE"]

1. d4 e6 2. e4 d5 3. Nd2 Nf6 4. e5 Nfd7 5. Bd3 c5 6. c3 Nc6 7. Ne2 cxd4 8. cxd4 Nb6 9. 0-0 Bd7 10. f4 g6 11. Nf3 a5 12. g4 h5 13. f5 gxf5 14. gxf5 exf5 15. Ng3 f4 16. Nf5 Nc4 17. Bxf4 Nxb2 18. Qe2 Nxd3 19. Nd6+ Bxd6 20. exd6+ Kf8 21. Qxd3 Rg8+ 22. Kh1 Qf6 23. Qd2 Bf5 24. Rae1 Be4 25. Rxe4 dxe4 26. Ne5 Qxd6 27. Bh6+ Ke8 28. Nxf7 Qd5 29. Qe3 Ra6 30. Ng5 Nxd4 31. Qf4 e3+ 32. Ne4 Rf6 33. Qb8+ Kd7 34. Qxb7+ Qxb7 0-1

[Event "SWE-chT 0304"]
[Site "Sweden"]
[Date "2003.??.??"]
[Round "2"]
[White "Steneskog, Per"]
[Black "Winsnes, Rikard"]
[Result "0-1"]
[WhiteElo "2245"]
[BlackElo "2486"]
[PlyCount "77"]
[EventDate "2003.10.??"]
[EventType "team"]
[EventRounds "11"]
[EventCountry "SWE"]
[SourceTitle "EXT 2005"]
[Source "ChessBase"]
[SourceDate "2004.11.15"]
[SourceVersion "1"]
[SourceVersionDate "2004.11.15"]
[SourceQuality "1"]
[WhiteTeam "Solna"]
[BlackTeam "Skara"]
[WhiteTeamCountry "SWE"]
[BlackTeamCountry "SWE"]

1. d4 Nf6 2. c4 g6 3. Nc3 d5 4. Nf3 Bg7 5. Bg5 Ne4 6. cxd5 Nxg5 7. Nxg5 e6 8. Nf3 exd5 9. b4 0-0 10. e3 Qd6 11. Qb3 Be6 12. Be2 c6 13. 0-0 Nd7 14. Na4 b5 15. Nc5 a5 16. a4 axb4 17. Qxb4 bxa4 18. Qa3 Nxc5 19. dxc5 Qe7 20. Nd4 Bxd4 21. exd4 Bf5 22. Rfe1 Rfe8 23. Qb4 Reb8 24. Qc3 Qb7 25. g4 Be6 26. Qe3 Qb3 27. Qe5 a3 28. f4 Qh3 29. f5 gxf5 30. Kh1 f4 31. Qg5+ Kf8 32. Qxf4 Rb2 33. Bf1 Qxg4 34. Qd6+ Kg8 35. Re3 Qxd4 36. Rg3+ Kh8 37. Raxa3 Qe4+ 38. Rg2 Rc8 39. Rag3 0-1